000 00279nam a2200121Ia 4500
008 190216s9999||||xx |||||||||||||| ||und||
100 _aVictor A Mckusick
245 0 _aHuman Genetics
260 _bPrentice Hall India
_c1968
300 _a148p
650 _aZoology
942 _cBK
999 _c37315
_d37315